000 01042nam a2200253 a 4500
001 000024258
003 AM-YEHGA
005 20250618070849.0
008 001016s1971 ai | |||||||||||||arm d
040 _aAM-YeHGA
041 0 _aarm
100 1 _aԱմիրբեկյան, Վազգեն Միքայելի,
_d1915-1984
_92133
245 1 0 _aՀայաստանի մամուլը Հայրենական Մեծ պատերազմի տարիներին :
_b(1941-1945) /
_cՎ.Մ. Ամիրբեկյան; Խմբ.՝ Ա.Ն. Մնացականյան; ՀՍՍՀ ԳԱ Պատմ. ին-տ.
246 3 _aПечать Армении в годы Великой отечественной войны
260 _aԵրևան :
_bՀՍՍՀ ԳԱ հրատ.,
_c1971.
300 _a285 էջ ;
_c22 սմ.
650 1 4 _aՄամուլ
653 0 _aՀայրենական մեծ պատերազմ
700 1 _aՄնացականյան, Ա.Ն.
_eխմբ.
_4edt
710 2 _aՀՍՍՀ ԳԱ
710 2 _aՊատմության ինստիտուտ
_98824
942 _2udc
_cBK
090 _c9850
999 _c9783
_d9783